Ultimo banquete de los cocodrilos (Registro nro. 16453)

Detalles MARC
000 -CABECERA
Campo de control 006760000a22002170004500
005 - FECHA Y HORA DE LA ULTIMA TRANSACCION
Campo de control 20191224042156.0
008 - ELEMENTOS DE LONGITUD FIJA—INFORMACION GENERAL
Campo de control 170214b xxu||||| |||| 00| 0 spa d
040 ## - FUENTE DE CATALOGACIÓN
Agencia catalogadora original CO-BoIAVH
Agencia transcriptora CO-BoIAVH
041 0# - IDIOMA
Código de idioma para texto/pista de sonido o título separado Español
090 ## - CLASIFICACIÓN LOCAL
Colección AV
Consecutivo 00041
110 1# - ASIENTO PRINCIPAL--NOMBRE CORPORATIVO
Nombre corporativo o de jurisdicción como elemento de entrada National Geographic Society
9 (RLIN) 9165
245 10 - MENCION DE TITULO
Título Ultimo banquete de los cocodrilos
Version la sed puede ser el rumbo a la muerte en un estanque de cocodrilos
260 ## - PUBLICACION, DISTRIBUCION, ETC. (PIE DE IMPRENTA)
Lugar de publicación, distribución, etc. s.l.
Nombre del editor, distribuidor, etc. National Geographic Society
Fecha de publicación, distribución, etc. 1995
300 ## - DESCRIPCION FISICA
Extensión 55 min.
Otros detalles físicos VHS
650 14 - ASIENTO SECUNDARIO DE MATERIA - TERMINO TEMATICO
Término temático o nombre geográfico como elemento de entrada Fauna
9 (RLIN) 92594
650 14 - ASIENTO SECUNDARIO DE MATERIA - TERMINO TEMATICO
Término temático o nombre geográfico como elemento de entrada Reptiles
9 (RLIN) 92767
650 14 - ASIENTO SECUNDARIO DE MATERIA - TERMINO TEMATICO
Término temático o nombre geográfico como elemento de entrada Cocodrilos
9 (RLIN) 93090
650 14 - ASIENTO SECUNDARIO DE MATERIA - TERMINO TEMATICO
Término temático o nombre geográfico como elemento de entrada Hipopótamos
9 (RLIN) 79492
650 14 - ASIENTO SECUNDARIO DE MATERIA - TERMINO TEMATICO
Término temático o nombre geográfico como elemento de entrada Comportamiento animal
9 (RLIN) 4688
942 ## - ELEMENTOS ADICIONALES (KOHA)
Tipo de ítem CD-ROM
Sistema de clasificación Dewey Decimal Classification
Existencias
Withdrawn status Lost status Sistema de Clasificación Damaged status No para préstamo Colección Ubicación Permanente Ubicación actual Fecha de adquisición Fuente de adquisición Total Checkouts Número topográfico Inventario / Código de Barras Date last seen Ejemplar Price effective from Forma de adquisición Tipo de material
    Local     Audiovisual Bogotá Bogotá 09/02/2017 Ochoa, Diego   AV-00041 014147 25/03/2015 Ej. 1 25/03/2015 Donación VHS
          Audiovisual Villa de Leyva Villa de Leyva 27/02/2015 CID-Humboldt   MM 00041 AUTO_19751 25/03/2015   25/03/2015 Compra CD-ROM